Spatial analysis of accident blackspots in thiruvananthapuram district (Record no. 5754)
[ view plain ]
| 000 -LEADER | |
|---|---|
| fixed length control field | 00556nam a22001817a 4500 |
| 003 - CONTROL NUMBER IDENTIFIER | |
| control field | OSt |
| 005 - DATE AND TIME OF LATEST TRANSACTION | |
| control field | 20220107122830.0 |
| 008 - FIXED-LENGTH DATA ELEMENTS--GENERAL INFORMATION | |
| fixed length control field | 170731b xxu||||| |||| 00| 0 eng d |
| 040 ## - CATALOGING SOURCE | |
| Transcribing agency | IIITMK |
| 100 ## - MAIN ENTRY--PERSONAL NAME | |
| Personal name | Alen, R P (92315001) |
| 9 (RLIN) | 12419 |
| 245 ## - TITLE STATEMENT | |
| Title | Spatial analysis of accident blackspots in thiruvananthapuram district |
| 300 ## - PHYSICAL DESCRIPTION | |
| Extent | MSC GIS-Main Project |
| 502 ## - DISSERTATION NOTE | |
| Degree type | MSC GIS |
| Name of granting institution | 2015-2017 |
| Year degree granted | EXT |
| -- | Mr Saran M S<br/>Scientist, NATPAC |
| 650 ## - SUBJECT ADDED ENTRY--TOPICAL TERM | |
| Topical term or geographic name entry element | ACCIDENTS |
| 9 (RLIN) | 12420 |
| 650 ## - SUBJECT ADDED ENTRY--TOPICAL TERM | |
| Topical term or geographic name entry element | HOTSPOT ANALYSIS |
| 9 (RLIN) | 12421 |
| 650 ## - SUBJECT ADDED ENTRY--TOPICAL TERM | |
| Topical term or geographic name entry element | PRIORITIZATION METHOD |
| 9 (RLIN) | 12422 |
| 942 ## - ADDED ENTRY ELEMENTS (KOHA) | |
| Source of classification or shelving scheme | Dewey Decimal Classification |
| Koha item type | |
| Withdrawn status | Lost status | Source of classification or shelving scheme | Damaged status | Not for loan | Collection code | Home library | Current library | Shelving location | Date acquired | Total Checkouts | Barcode | Date last seen | Price effective from | Koha item type |
|---|---|---|---|---|---|---|---|---|---|---|---|---|---|---|
| Dewey Decimal Classification | Non Fiction | IIITM-K | Kerala University of Digital Sciences, Innovation and Technology Knowledge Centre | 31/07/2017 | R-1285 | 31/07/2017 | 31/07/2017 | Project Reports |